|
|
|
|
| LEADER |
00832pam a22002538a 4500 |
| 001 |
00043420 |
| 005 |
20181213111215.0 |
| 008 |
110813s2008 ||||||viesd |
| 020 |
# |
# |
|c 15600
|
| 041 |
0 |
# |
|a vie
|
| 082 |
1 |
4 |
|a 910.71
|b Đ301L
|
| 245 |
0 |
0 |
|a Địa lí 12
|c Lê Thông (Tổng ch.b)...[và nh. ng. khác]
|
| 260 |
# |
# |
|a Hà Nội
|b Giáo dục
|c 2008
|
| 300 |
# |
# |
|a 256 tr.
|b bảng, hình vẽ
|c 24 cm.
|
| 500 |
# |
# |
|a ĐTTS ghi: Bộ Giáo dục và Đào tạo
|
| 650 |
# |
4 |
|a Lớp 12
|
| 650 |
# |
4 |
|a Địa lí
|
| 650 |
# |
4 |
|a Sách giáo khoa
|
| 700 |
1 |
# |
|a Lê Thông
|e Tổng ch.b
|
| 700 |
1 |
# |
|a Nguyễn Kim Chương
|
| 700 |
1 |
# |
|a Nguyễn Viết Thịnh
|
| 852 |
# |
# |
|j KD.0025168
|
| 910 |
# |
# |
|d 13/12/2018
|
| 980 |
# |
# |
|a Trung tâm Học liệu Lê Vũ Hùng, Trường Đại học Đồng Tháp
|